| 000 | 00414pab a2200157 454500 | ||
|---|---|---|---|
| 008 | 180718b2017 xxu||||| |||| 00| 0 eng d | ||
| 100 | _aNoronha, Frederick | ||
| 245 | _aCarrying on a dubious game in Goa? | ||
| 260 | _c2017 | ||
| 300 | _ap.22-25. | ||
| 362 | _a25 Mar | ||
| 650 | _aGoa. Legislative Assembly - elections | ||
| 650 | _aElections | ||
| 773 | _aEconomic and Political Weekly | ||
| 909 | _a114199 | ||
| 999 |
_c114193 _d114193 |
||